00000000nam##2200000za#4500
0019.639634
003CaOODSP
00520210624222252
007cr |||||||||||
008150407|2000||||xxc|||||o    f|0| 0 fre|d
040 |aCaOODSP|bfre
043 |an-cn---
0861 |aF1-23/2000-8F-PDF
1101 |aCanada. |bMinistère des finances.
24510|aAllégements fiscaux pour les Canadiens |h[ressource électronique]
2461 |aDe meilleures finances, une vie meilleure - Le budget de 2000
260 |aOttawa - Ontario : |bFinances Canada |cLe 28 février 2000.
300 |a12p.|bgraphiques, tableau
590 |a12-11-Supp|b2012-03-27
69107|aBudget|2gcpds
69107|aImpôt sur le revenu|2gcpds
77508|tTax relief for Canadians |w(CaOODSP)9.695497
85640|ahttp://publications.gc.ca|qPDF|s160 Ko|uhttps://publications.gc.ca/collections/Collection/F1-23-2000-8F.pdf